<?xml version="1.0" encoding="UTF-8"?>
<record
    xmlns:xsi="http://www.w3.org/2001/XMLSchema-instance"
    xsi:schemaLocation="http://www.loc.gov/MARC21/slim http://www.loc.gov/standards/marcxml/schema/MARC21slim.xsd"
    xmlns="http://www.loc.gov/MARC21/slim">

  <leader>00781    a2200193   4500</leader>
  <controlfield tag="001">142011</controlfield>
  <datafield tag="040" ind1=" " ind2=" ">
    <subfield code="c">Leonardo Da Vinci</subfield>
  </datafield>
  <datafield tag="041" ind1=" " ind2=" ">
    <subfield code="a">Portugu&#xEA;s</subfield>
  </datafield>
  <datafield tag="082" ind1=" " ind2=" ">
    <subfield code="a">r920 M922m</subfield>
    <subfield code="b">M922m</subfield>
  </datafield>
  <datafield tag="245" ind1=" " ind2=" ">
    <subfield code="a">MULHERES imortais</subfield>
  </datafield>
  <datafield tag="250" ind1=" " ind2=" ">
    <subfield code="a">v.1</subfield>
  </datafield>
  <datafield tag="260" ind1=" " ind2=" ">
    <subfield code="b">Melhoramentos</subfield>
    <subfield code="c">1970</subfield>
    <subfield code="a">S&#xE3;o Paulo</subfield>
  </datafield>
  <datafield tag="300" ind1=" " ind2=" ">
    <subfield code="a">224</subfield>
  </datafield>
  <datafield tag="362" ind1=" " ind2=" ">
    <subfield code="a">19700000</subfield>
  </datafield>
  <datafield tag="490" ind1=" " ind2=" ">
    <subfield code="a">Mulheres imortais</subfield>
  </datafield>
  <datafield tag="500" ind1=" " ind2=" ">
    <subfield code="a">Obra em 3 volumes</subfield>
  </datafield>
  <datafield tag="697" ind1=" " ind2=" ">
    <subfield code="a">Refer&#xEA;ncia</subfield>
    <subfield code="a">Curiosidades</subfield>
    <subfield code="a">Biografia</subfield>
    <subfield code="a">Mulheres</subfield>
    <subfield code="a">Elisabete da &#xC1;ustria</subfield>
    <subfield code="a">Josefina Beauharnais</subfield>
    <subfield code="a">Harriet Beecher Stowe</subfield>
    <subfield code="a">Betina Brentano</subfield>
    <subfield code="a">Paulina Borghese</subfield>
    <subfield code="a">Catarina de M&#xE9;dicis</subfield>
    <subfield code="a">Sarah Bernhardt</subfield>
    <subfield code="a">Lucr&#xE9;cia B&#xF3;rgia</subfield>
    <subfield code="a">Francisca Cabrini</subfield>
    <subfield code="a">Catarina da R&#xFA;ssia</subfield>
    <subfield code="a">Catarina de Siena</subfield>
    <subfield code="a">Irm&#xE3;s Bront&#xEB;</subfield>
    <subfield code="a">Messalina</subfield>
    <subfield code="a">Carlota Corday</subfield>
    <subfield code="a">Mata Hari</subfield>
    <subfield code="a">Vit&#xF3;ria Colonna</subfield>
    <subfield code="a">Cristina da Su&#xE9;cia</subfield>
  </datafield>
  <datafield tag="942" ind1=" " ind2=" ">
    <subfield code="c">BK</subfield>
  </datafield>
  <datafield tag="952" ind1=" " ind2=" ">
    <subfield code="0">0</subfield>
    <subfield code="1">0</subfield>
    <subfield code="4">0</subfield>
    <subfield code="7">0</subfield>
    <subfield code="a">71.1</subfield>
    <subfield code="b">71.1</subfield>
    <subfield code="d">2024-03-27</subfield>
    <subfield code="l">0</subfield>
    <subfield code="o">r920 M922m</subfield>
    <subfield code="p">O005460</subfield>
    <subfield code="r">2024-03-27 22:46:36</subfield>
    <subfield code="w">2024-03-27</subfield>
    <subfield code="y">BK</subfield>
  </datafield>
  <datafield tag="999" ind1=" " ind2=" ">
    <subfield code="c">142011</subfield>
    <subfield code="d">142011</subfield>
  </datafield>
</record>
